| 000 | 00390nam a2200157Ia 4500 | ||
|---|---|---|---|
| 008 | 210716s2007 xx 000 0 und d | ||
| 020 | _a9788126511426 | ||
| 041 | _aeng | ||
| 082 | _a005.3002 WALJ | ||
| 100 | _aWalkenbach, John. | ||
| 245 | _aExcel 2007 bible. | ||
| 250 | _a1 | ||
| 260 |
_aNew Delhi _bWiley India Pvt Ltd _c2007 |
||
| 300 | _axIii,865 | ||
| 650 | _aMicrosoft(005.3684) | ||
| 999 |
_c188520 _d188520 |
||